Sports Quiz

Random Sports or NFL Quiz

NFL Starting QBs (Tampa Bay Buccaneers) Quiz Stats

 Plays Quiz Updated Jan 5, 2018

Challenge
Share
Tweet
Embed
Score 0/18 Timer 04:00
1 Play Today
Starts Player % Correct
45Jameis Winston
92.9%
59Josh Freeman
87.2%
5Josh Johnson
80.7%
49Brad Johnson
80.7%
2Rob Johnson
80.3%
18Mike Glennon
59.6%
24Jeff Garcia
58.8%
11Josh McCown
52.8%
3Ryan Fitzpatrick
48.5%
Starts Player % Correct
10Trent Dilfer
43.7%
22Shaun King
42.5%
3Luke McCown
41.6%
15Chris Simms
37.5%
21Brian Griese
27.8%
11Bruce Gradkowski
26.9%
3Byron Leftwich
15.8%
2Tim Rattay
10%
1Eric Zeier
6.3%

You're not logged in!

Compare scores with friends on all Sporcle quizzes.
Join for Free
OR
Log In

You Might Also Like...

Show Comments

Extras

Top Quizzes Today


Score Distribution

Your Account Isn't Verified!

In order to create a playlist on Sporcle, you need to verify the email address you used during registration. Go to your Sporcle Settings to finish the process.

Report this User

Report this user for behavior that violates our Community Guidelines.

Details: